Nutrition now

Đã lưu trong:
Bibliografiske detaljer
Hovedforfatter: Brown, Judith E.
Format: Bog
Sprog:Undetermined
Udgivet: Australia Thomson Learning/Wadsworth 2006
Fag:
Tags: Tilføj Tag
Ingen Tags, Vær først til at tagge denne postø!
Thư viện lưu trữ: Trung tâm Học liệu Trường Đại học Cần Thơ
LEADER 00485nam a2200193Ia 4500
001 CTU_100050
008 210402s9999 xx 000 0 und d
020 |c 1122000 
082 |a 613.2 
082 |b B877 
100 |a Brown, Judith E. 
245 0 |a Nutrition now 
245 0 |c Judith E. Brown 
260 |a Australia 
260 |b Thomson Learning/Wadsworth 
260 |c 2006 
650 |a Nutrition 
904 |i Giang 
980 |a Trung tâm Học liệu Trường Đại học Cần Thơ